Citoyenneté, République et Démocratie en France : 1789-1899 (notice n° 2198520)

détails MARC
000 -LEADER
fixed length control field 01687cam a2200133 4500500
005 - DATE AND TIME OF LATEST TRANSACTION
control field 20260405085546.0
041 ## - LANGUAGE CODE
Language code of text/sound track or separate title fre
042 ## - AUTHENTICATION CODE
Authentication code dc
100 10 - MAIN ENTRY--PERSONAL NAME
Personal name Boudon, Jacques-Olivier
Relator term author
245 00 - TITLE STATEMENT
Title Citoyenneté, République et Démocratie en France : 1789-1899
260 ## - PUBLICATION, DISTRIBUTION, ETC.
Name of publisher, distributor, etc. Armand Colin,<br/>
Date of publication, distribution, etc. 2014.<br/>
520 ## - SUMMARY, ETC.
Summary, etc. Le XIXe siècle a été en France le siècle de l’avènement républicain, en même temps que celui de l’affirmation d’une démocratie libérale et laïque. À la fin du siècle, au moment où la crise née de l’affaire Dreyfus permet la consolidation de la République, les Républicains ont pleinement pris en compte l’héritage de la Révolution française qui, dès la Déclaration des droits de l’homme et du citoyen du 26 août 1789, a posé les bases du fonctionnement de la démocratie. Pourtant au cours des décennies qui suivirent, la France a fait l’expérience de trois types de régimes différents, monarchie constitutionnelle, césarisme démocratique, république. Ce dernier modèle finit par s’imposer au terme d’un processus qui est aussi le fruit d’un compromis, notamment sur le terrain institutionnel. Il s’appuie sur deux piliers principaux : le suffrage universel masculin et l’affirmation des libertés rendant possible l’exercice de vie politique au sein d’une démocratie. Démocratie qui exclut encore les femmes, mais aussi les populations nouvellement intégrées à l’Empire colonial, omissions qui posent précisément les limites du modèle républicain français.
856 41 - ELECTRONIC LOCATION AND ACCESS
Uniform Resource Identifier <a href="https://shs.cairn.info/citoyennete-republique-et-democratie-en-france--9782200294045?lang=fr&redirect-ssocas=7080">https://shs.cairn.info/citoyennete-republique-et-democratie-en-france--9782200294045?lang=fr&redirect-ssocas=7080</a>

Pas d'exemplaire disponible.

PLUDOC

PLUDOC est la plateforme unique et centralisée de gestion des bibliothèques physiques et numériques de Guinée administré par le CEDUST. Elle est la plus grande base de données de ressources documentaires pour les Étudiants, Enseignants chercheurs et Chercheurs de Guinée.

Adresse

627 919 101/664 919 101

25 boulevard du commerce
Kaloum, Conakry, Guinée

Réseaux sociaux

Powered by Netsen Group @ 2025